Котката на Саймън (Запис номер 521373)
[ съкратено ]
| 000 -Лидер | |
|---|---|
| Лидер | 00888nam a2200253 a 4500 |
| 003 - Код на организацията, давaща контролен номер | |
| Код на организацията, даваща контролен номер | BLK |
| 005 - Дата и час на последна редакция | |
| Дата и час на последна редакция | 20241106152352.0 |
| 008 - Елементи от данни с фиксирана дължина | |
| Елементи с фиксирана дължина | 220831b bu |||||r|||| 00| 0 bu d |
| 020 ## - Международен стандартен номер на книга ISBN | |
| ISBN | 9789542840077 |
| 040 ## - Източник на каталожния запис | |
| Код на библиотеката | BLK |
| 041 ## - Код за език | |
| Език | Български |
| Език за КДБФ | Български |
| 080 ## - УДК | |
| УДК текст | Издания за деца и юноши. Книжки-картинки. Читанки. Вж и 372.4 |
| УДК код | 087.5 |
| УДК – код + определител | 087.5 |
| 084 ## - Класификационен индекс по друга класификация | |
| Авторски знак | То - Т 62 |
| 100 ## - Редна дума - Автор | |
| R(LIN) | 1299 |
| Автор | Тофийлд, Саймън |
| 245 ## - Сведения за заглавието | |
| Заглавие | Котката на Саймън |
| Подзаглавни данни | Отвъд оградата |
| Авторска отговорност | Саймън Тофийлд |
| 257 ## - Страна на издаване | |
| Страна на създаване/издаване | Великобритания |
| 260 ## - Област на издателските данни | |
| 9 (RLIN) | 217021 |
| Място на издаване | София |
| Име на издателя | Сиела Норма |
| Година на издаване | 2022 |
| 300 ## - Физическа характеристика | |
| Брой страници | 240 с. |
| Илюстрации | с ил. |
| Размер | 17х21 см |
| 380 ## - Жанр | |
| Жанр | Детска отраслова лит. |
| 500 ## - Общи забележки | |
| Обща забележка | Ориг. загл. Simon's Cat: Beyond the fence |
| 852 ## - Местоположение | |
| Отдел | Детски отдел |
| Систематично-азбучна сигнатура | 087.5/Т 76 С |
| 942 ## - АРТИКУЛИ | |
| Вид на библиотечния документ | Книги |
| Скрит в OPAC | Не |
| Периодичен библиозапис | Да |
| Koha issues (borrowed), all copies | 5 |
| 944 ## - СЪЗДАВАНЕ И РЕДАКЦИЯ на ЗАПИСА | |
| Създаване/Редакция | |
| Дата на регистрацията/редакция | Моника Янева |
| Служител, извършил регистрацията/редакцията | 30570 |
| Номер на служител | Моника Янева |
| 999 ## - СИСТЕМНИ КОНТРОЛНИ НОМЕРА | |
| Koha biblionumber | 521373 |
| Koha biblioitemnumber | 521373 |
| Код за отписване | Код за изгубен артикул | Източник на класификационната схема | Код за повреда | Коз за рестрикции | Код за отдаване | Артикулен № | Име на библиотеката - собственик | Име на библиотеката, в която се намира в момента | Статус (Текущо местоположение) | Дата на вписване в системата | Местоположение - отдел | Цена в лева | Инвентарен номер | Систематично азбучна сигнатура | Баркод | Цена в евро | Служебен тип на артикула |
|---|---|---|---|---|---|---|---|---|---|---|---|---|---|---|---|---|---|
| Не е изгубен | Universal Decimal Classification | Не е повреден | само за читалня | ползва се в читалня | 975993 | Регионална библиотека "Любен Каравелов" Русе | Регионална библиотека "Любен Каравелов" Русе | Хранилище | 2025-06-13 | Основен фонд - ползва се само за читалня | 5.00 | 120000920661 | Цб І 43075 | 120000920661 | 2.56 | Книги |